Statistiken für Name zum Weltführer (2010er) - Bildquiz

Klicken Sie hier um das Quiz zu spielen!

Allgemein

  • Dieses Quiz wurde 98 mal gespielt
  • Das Durchschnittsergebnis liegt bei 11 aus 18

Antwortstatistiken

Antwort% Korrekt
Angela Merkel
100%
Barack Obama
99%
Emmanuel Macron
96%
Kim Jong-un
91%
Recep Tayyip Erdoğan
91%
Theresa May
88%
Franziskus
86%
Justin Trudeau
68%
Albert II
67%
Baschar al-Assad
61%
Xi Jinping
59%
François Hollande
56%
Dmitri Medwedew
49%
Nicolas Maduro
33%
Alexander Lukashenko
26%
Benjamin Netanyahu
21%
Mahmoud Abbas
21%
Evo Morales
10%

Verteilung der Resultate

Perzentil nach korrekt beantworteten Fragen

Anzahl Personen mit jedem Resultat

Ihre Resultats-Entwicklung

Sie haben dieses Quiz noch nicht gespielt